Central Library OPAC University of Rajshahi

The diplomatic relations of Great Britain and the United States / (Record no. 42189)

MARC details
000 -LEADER
fixed length control field 00756nam a2200229 a 4500
001 - CONTROL NUMBER
control field 42189
003 - CONTROL NUMBER IDENTIFIER
rucl marc code BD-RjUL
005 - DATE AND TIME OF LATEST TRANSACTION
control field 20211209053515.0
008 - FIXED-LENGTH DATA ELEMENTS--GENERAL INFORMATION
fixed length control field 160611s1925 enk 00110 eng d
035 ## - SYSTEM CONTROL NUMBER
System control number (BD-RjUL)42307
040 ## - CATALOGING SOURCE
Original cataloging agency ANL
Language of cataloging eng
Modifying agency BD-RjUL
Transcribing agency BD-RjUL
041 ## - LANGUAGE CODE
Language code of text/sound track or separate title eng
082 ## - DEWEY DECIMAL CLASSIFICATION NUMBER
Edition number 23
Classification number 327.73
Author mark and year MOD 1925
100 1# - MAIN ENTRY--PERSONAL NAME
Personal name Mowat, R. B.
Fuller form of name (Robert Balmain),
Dates associated with a name 1883-1941.
9 (RLIN) 129748
245 14 - TITLE STATEMENT
Title The diplomatic relations of Great Britain and the United States /
Statement of responsibility, etc. by R.B. Mowat.
260 ## - PUBLICATION, DISTRIBUTION, ETC. (IMPRINT)
Place of publication, distribution, etc. London :
Name of publisher, distributor, etc. E. Arnold,
Date of publication, distribution, etc. 1925.
300 ## - PHYSICAL DESCRIPTION
Pagination xi, 350 p. ;
Size 21 cm.
500 ## - GENERAL NOTE
General note Includes index.
651 #0 - SUBJECT ADDED ENTRY--GEOGRAPHIC NAME
Geographic name United States
General subdivision Foreign relations
Geographic subdivision Great Britain.
9 (RLIN) 129749
Geographic name Great Britain
General subdivision Foreign relations
Geographic subdivision United States.
9 (RLIN) 129750
942 ## - ADDED ENTRY ELEMENTS (KOHA)
Source of classification or shelving scheme Dewey Decimal Classification
Koha item type Books
Holdings
Lost status Source of classification or shelving scheme Damaged status Not for loan Collection code Permanent Location Current Location Shelving location Date acquired Source of acquisition Cost, normal purchase price Total Checkouts Full call number Date last seen Copy number Koha item type
  Dewey Decimal Classification     Non-fiction Central Library, University of Rajshahi Central Library, University of Rajshahi   04/10/1955 B. H. Blackwell 165.00   327.73 MOD 1925 11/06/2016 C-2 Books